دراسة تقابلية بين اللغة العربية واللغة المندنكية على مستوى التركيب النحوى
Saved in:
| Main Author: | |
|---|---|
| Format: | Thesis |
| Language: | Arabic |
| Published: |
خرطوم
: معهد خرطوم دولى غة عربية،
1979
|
| Subjects: | |
| Tags: |
Add Tag
No Tags, Be the first to tag this record!
|
| LEADER | 011700000a22002650004500 | ||
|---|---|---|---|
| 001 | 45913 | ||
| 005 | 20100322112800.0 | ||
| 008 | 921104s1979 ara | ||
| 035 | |a (Sirsi) 45913 | ||
| 040 | |a UIAM |b eng | ||
| 050 | |a PJ6101 | ||
| 100 | 1 | |a Jagne, Kebba Landinj | |
| 242 | 1 | 0 | |a Dirasah taqabuliyah bayna al-lughah al-'Arabiyah wa-al-lughah al-Mandinkiyah 'ala mustawa al-tarkib al-nahwi / |c i'dad Kebba Landinj Jagne; ishraf Taghrid Anbar |
| 245 | 1 | 0 | |a دراسة تقابلية بين اللغة العربية واللغة المندنكية على مستوى التركيب النحوى |
| 260 | 1 | |a خرطوم |b : معهد خرطوم دولى غة عربية، |c 1979 | |
| 300 | |a 44 p. | ||
| 502 | |a (Dip.)--Ma'had al-Khartoum al-Dawli lil-Lughat al-'Arabiyah | ||
| 596 | |a 1 | ||
| 650 | 0 | |a Arabic language |x Grammar | |
| 650 | 0 | |a Mandingo language |x Grammar | |
| 650 | 0 | |a Grammar, Comparative and general | |
| 710 | 1 | |a Ma'had al-Khartum al-Dawli lil-Lughah al-'Arabiyah | |
| 900 | |a ama-khs-naw | ||
| 999 | |c 429889 |d 461380 | ||
| 952 | |0 0 |6 T PJ 006101 J24D |7 0 |8 THESES |9 748796 |a IIUM |b IIUM |c MULTIMEDIA |g 0.00 |o t PJ6101J24D |p 00000205831 |r 2017-10-20 |t 1 |v 0.00 |y THESIS | ||
